| 000 | 00502nam a2200181Ia 4500 | ||
|---|---|---|---|
| 005 | 20260415160320.0 | ||
| 008 | 008 250505s9999 xx 000 0 eng d | ||
| 037 | _aTextual | ||
| 040 |
_aFEDL _beng _cFEDL |
||
| 041 |
_aeng _2eng |
||
| 084 |
_a942 STR _qFEDL |
||
| 100 | _aStrong C F | ||
| 245 | 0 | _aToday through yesterday | |
| 260 |
_aLondon, UK _bUniversity of London Press Limited _c1944 |
||
| 300 | _a215p. | ||
| 942 |
_cTEXL _h942 STR |
||
| 999 |
_c1321582 _d1321582 |
||